01893nam a22002057a 4500003000500000005001700005008004100022020001800063020001800081041001200099082001700111100002100128245006000149260003500209520127900244650001401523942001501537999001701552952011801569CUTN20251006162014.0251006b |||||||| |||| 00| 0 eng d a9798887150482 a9798887151724 aEnglish a371.102bLAC aLachey, Charles  aEncyclopedia of Teaching and Learning /cCharles Lachey aDublin :bOryson Press,c2023. aSince the independence of India, there has been a quantitative expansion in the field of education in terms of an explosion in the number of students. Consequently the number of teachers have also increased substantially. The emerging aims of education include equipping all the citizens to lead a better life, providing equal opportunities and basic amenities for all Indian citizens irrespective of caste, creed, colour or locality. As per the new 20 point programme, a threefold approach has been envisaged to arrest illiteracy through :- (1) ensuring 100 percent enrolment as 5+ in schools and (2) preventing drop outs from the lower primary, stage and to (3) wipe out illiteracy at least from the age range 15-35 by March 1990, giving place of priority to women, SC and ST and other deprived sections. There are about 11.5. crores in this category in India. If these people are to be reached and made literate, rigorous efforts are needed. Governmental and voluntary agencies are in the field. During the last 5 years college students are in the front of illiteracy eradication work. Work has to continue in this area so as to ensure development in our society, this book is a comprehensive guide to the methods and aims of education and teaching in more recent times. aEducation 2ddccBOOKS c45858d45858 00102ddc40708NFICaCUTNbCUTNc300d2025-10-06l0o371.102 LACp52544r2025-10-06 16:20:55w2025-10-06yBOOKS